| 000 | 00568nam a2200217Ia 4500 | ||
|---|---|---|---|
| 003 | OSt | ||
| 005 | 20230425150159.0 | ||
| 008 | 210423s2002 xx 000 0 und d | ||
| 020 | _a817808239 | ||
| 040 | _cAL | ||
| 041 | _aeng | ||
| 082 | _a574.192028 BOYR | ||
| 100 |
_aBOYER (Rodney). _992754 |
||
| 245 | _aModern experimental biochemistry. | ||
| 260 |
_aSan Francisco _bBenjamin Cummings Publishing Company _c2002 |
||
| 300 |
_axvii,475 _bPB |
||
| 365 | _cINR | ||
| 650 |
_aBiochemistry _992755 |
||
| 906 | _abiochemistry ; experimental | ||
| 942 |
_2ddc _cBK |
||
| 999 |
_c162681 _d162681 |
||